[Event "Werner-Ott-Open Kreuzberger Sommer 2018"]
[Site "Berlin"]
[Date "2018.07.06"]
[Round "7.1"]
[White "Stern, Rene"]
[Black "Von Herman, Ulf"]
[Result "1-0"]
[WhiteElo "2510"]
[BlackElo "2354"]
[PlyCount "45"]
[EventDate "2018.06.30"]
[EventType "swiss"]
[EventRounds "9"]
[EventCountry "GER"]
[SourceTitle "WOOKS_2018_R7"]
[Source "Andreas Lange"]
[SourceDate "2018.07.06"]
[SourceVersion "1"]
[SourceVersionDate "2018.07.06"]
[SourceQuality "1"]
[WhiteTeam "SK Koenig Tegel 1949"]
[BlackTeam "SK Koenig Tegel 1949"]
[WhiteTeamCountry "GER"]
[BlackTeamCountry "GER"]

1. Nf3 Nf6 2. c4 e6 3. Nc3 d5 4. d4 Be7 5. Bg5 h6 6. Bxf6 Bxf6 7. e3 O-O 8. Qd2
a6 9. cxd5 exd5 10. Bd3 Nc6 11. O-O-O Na5 12. Ne5 c5 13. f4 cxd4 14. exd4 b5
15. g4 Nc4 16. Qe2 Bb7 17. g5 Bxe5 18. fxe5 Qxg5+ 19. Kb1 Qh4 20. Rhg1 f5 21.
exf6 Qxf6 22. Rg6 Rfe8 23. Qh5 1-0

[Event "Werner-Ott-Open Kreuzberger Sommer 2018"]
[Site "Berlin"]
[Date "2018.07.06"]
[Round "7.2"]
[White "Malek, Daniel"]
[Black "Wierzbicki, Jirawat"]
[Result "1-0"]
[WhiteElo "2383"]
[BlackElo "2161"]
[PlyCount "67"]
[EventDate "2018.06.30"]
[EventType "swiss"]
[EventRounds "9"]
[EventCountry "GER"]
[SourceTitle "WOOKS_2018_R7"]
[Source "Andreas Lange"]
[SourceDate "2018.07.06"]
[SourceVersion "1"]
[SourceVersionDate "2018.07.06"]
[SourceQuality "1"]
[WhiteTeam "SK Zehlendorf"]
[BlackTeam "SK Koenig Tegel 1949"]
[WhiteTeamCountry "GER"]
[BlackTeamCountry "GER"]

1. Nf3 d5 2. c4 dxc4 3. e3 Be6 4. Ng5 Bd5 5. e4 Bc6 6. Bxc4 e6 7. d3 Be7 8. Qg4
Nf6 9. Qh3 Qd7 10. Nc3 b5 11. Bb3 Na6 12. Be3 Nc5 13. Bxc5 Bxc5 14. O-O h6 15.
Rac1 Bb6 16. Rfd1 Qe7 17. d4 O-O 18. Nf3 Nxe4 19. Ne5 Ng5 20. Qd3 Be8 21. h4
Nh7 22. Bc2 f5 23. Bb3 c6 24. Ne2 Qd6 25. Nf4 Rf6 26. Qe3 Nf8 27. h5 Rd8 28.
Nf3 Bc7 29. g3 Bb6 30. Kg2 Qe7 31. Qe2 Qd6 32. d5 cxd5 33. Nxd5 exd5 34. Rxd5
1-0

[Event "Werner-Ott-Open Kreuzberger Sommer 2018"]
[Site "Berlin"]
[Date "2018.07.06"]
[Round "7.3"]
[White "Radovanovic, Jovica"]
[Black "Kohler, Thomas"]
[Result "1-0"]
[WhiteElo "2311"]
[BlackElo "2147"]
[PlyCount "63"]
[EventDate "2018.06.30"]
[EventType "swiss"]
[EventRounds "9"]
[EventCountry "GER"]
[SourceTitle "WOOKS_2018_R7"]
[Source "Andreas Lange"]
[SourceDate "2018.07.06"]
[SourceVersion "1"]
[SourceVersionDate "2018.07.06"]
[SourceQuality "1"]
[BlackTeam "SC Zitadelle Spandau 1977"]
[BlackTeamCountry "GER"]

1. d4 Nf6 2. c4 g6 3. Nf3 Bg7 4. Nc3 O-O 5. g3 d6 6. Bg2 Nc6 7. O-O Bf5 8. b3
Ne4 9. Bb2 Nxc3 10. Bxc3 Be4 11. Rc1 d5 12. e3 Qd7 13. Qe2 a5 14. Rfd1 a4 15.
Bf1 axb3 16. axb3 Ra3 17. Nd2 Ra2 18. Ra1 Rc2 19. Rdc1 e5 20. Rxc2 Bxc2 21.
cxd5 Qxd5 22. e4 Qd7 23. d5 Nd4 24. Qc4 b5 25. Qc5 Nxb3 26. Nxb3 Bxb3 27. Bxb5
Qd6 28. Qe3 Rb8 29. Ra6 Qe7 30. Bf1 Bf8 31. Qa7 Qe8 32. Qxc7 1-0

[Event "Werner-Ott-Open Kreuzberger Sommer 2018"]
[Site "Berlin"]
[Date "2018.07.06"]
[Round "7.4"]
[White "Kather, Yannick"]
[Black "Ahmadinia, Ebrahim"]
[Result "0-1"]
[WhiteElo "2053"]
[BlackElo "2415"]
[PlyCount "156"]
[EventDate "2018.06.30"]
[EventType "swiss"]
[EventRounds "9"]
[EventCountry "GER"]
[SourceTitle "WOOKS_2018_R7"]
[Source "Andreas Lange"]
[SourceDate "2018.07.06"]
[SourceVersion "1"]
[SourceVersionDate "2018.07.06"]
[SourceQuality "1"]
[WhiteTeam "SC Weisse Dame"]
[BlackTeam "SF Berlin 1903"]
[WhiteTeamCountry "GER"]
[BlackTeamCountry "GER"]

1. e4 g6 2. d4 Bg7 3. Nc3 c6 4. Nf3 d6 5. a4 Nf6 6. Be2 O-O 7. O-O a5 8. h3
Nbd7 9. Bg5 e5 10. Qd2 Re8 11. d5 Nc5 12. Qe3 Qc7 13. Bc4 Nh5 14. Nd2 Qb6 15.
Rab1 Qb4 16. b3 Nd7 17. Ne2 Nhf6 18. f4 cxd5 19. fxe5 Rxe5 20. c3 Qc5 21. Qxc5
dxc5 22. Bxf6 Nxf6 23. exd5 Bf5 24. Rbd1 Nxd5 25. Nf3 Ne3 26. Nxe5 Bxe5 27.
Rxf5 {(=)} gxf5 28. Rd7 Nxc4 29. bxc4 b6 30. Rb7 Rd8 31. Rxb6 Rd2 32. Kf2 Bxc3
33. Ke3 Bb4 34. Nf4 Rd4 35. Nh5 h6 36. Nf6+ Kf8 37. Rb8+ Kg7 38. Ne8+ Kh7 39.
Nf6+ Kg7 40. Ne8+ Kg6 41. Rb6+ Kg5 42. Nd6 f4+ 43. Kf3 Rd3+ 44. Ke4 Re3+ 45.
Kd5 Rd3+ 46. Ke4 Re3+ 47. Kd5 h5 48. Ne4+ Kh4 49. Rf6 Rd3+ 50. Kc6 Bd2 51. Rxf7
Be3 52. Nd6 Kg3 53. Rg7+ Kh2 54. Nf5 Bf2 55. Rg5 Rb3 56. Ng7 h4 57. Rg4 Bg3 58.
Nh5 f3 59. gxf3 Kxh3 60. Kxc5 Bf2+ 61. Kd5 Rxf3 62. Rg5 Kh2 63. c5 Rc3 64. Kc6
Be3 65. Rf5 h3 66. Nf6 Kg3 67. Ne4+ Kg4 68. Rf7 h2 69. Rh7 Rc2 70. Kb7 Kf3 71.
c6 Bf4 72. Ng5+ Kg2 73. Ne6 Bg3 74. c7 Rb2+ 75. Ka6 Rc2 76. Kb7 Bxc7 77. Nxc7
Rc4 78. Rg7+ Kh3 0-1

[Event "Werner-Ott-Open Kreuzberger Sommer 2018"]
[Site "Berlin"]
[Date "2018.07.06"]
[Round "7.5"]
[White "Weber, Erwin"]
[Black "Hacker, Jonas"]
[Result "0-1"]
[WhiteElo "1982"]
[BlackElo "2291"]
[PlyCount "104"]
[EventDate "2018.06.30"]
[EventType "swiss"]
[EventRounds "9"]
[EventCountry "GER"]
[SourceTitle "WOOKS_2018_R7"]
[Source "Andreas Lange"]
[SourceDate "2018.07.06"]
[SourceVersion "1"]
[SourceVersionDate "2018.07.06"]
[SourceQuality "1"]
[WhiteTeam "SC Weisse Dame"]
[BlackTeam "SC Eppingen"]
[WhiteTeamCountry "GER"]
[BlackTeamCountry "GER"]

1. Nf3 d5 2. b3 Bg4 3. Ne5 Bf5 4. e3 f6 5. Nf3 e5 6. c4 d4 7. exd4 exd4 8. Nh4
Qe7+ 9. Qe2 Bg4 10. f3 Bd7 11. g3 Nc6 12. a3 Ne5 13. Kf2 d3 14. Qe3 Nh6 15. h3
g5 16. Ng2 Bxh3 17. Kg1 Nf5 18. Qf2 Qc5 19. Ne3 Bxf1 20. Kxf1 Nxe3+ 21. dxe3
Qc6 22. Nd2 O-O-O 23. Bb2 Ng4 24. Qg1 Bc5 25. Bd4 Ne5 26. Bxe5 fxe5 27. b4 Be7
28. e4 Kb8 29. g4 Rd4 30. Kg2 Bf8 31. Qd1 Rd8 32. Rh5 h6 33. Qb3 Rh7 34. Rc1
Qf6 35. Qd1 Rhd7 36. c5 c6 37. a4 b6 38. cxb6 Bxb4 39. bxa7+ Kxa7 40. Rc4 Rd4
41. Rxd4 Rxd4 42. Nb3 Rd7 43. Qg1+ c5 44. Nxc5 Qb6 45. Nxd3 Qxg1+ 46. Kxg1 Rxd3
47. Rxh6 Bd2 48. Kf1 Bf4 49. Rh3 Ka6 50. Ke2 Rd2+ 51. Ke1 Rh2 52. Rh5 Ka5 0-1

[Event "Werner-Ott-Open Kreuzberger Sommer 2018"]
[Site "Berlin"]
[Date "2018.07.06"]
[Round "7.6"]
[White "Federau, Juergen"]
[Black "Krefenstein, Sergej"]
[Result "1/2-1/2"]
[WhiteElo "2127"]
[BlackElo "2119"]
[PlyCount "83"]
[EventDate "2018.06.30"]
[EventType "swiss"]
[EventRounds "9"]
[EventCountry "GER"]
[SourceTitle "WOOKS_2018_R7"]
[Source "Andreas Lange"]
[SourceDate "2018.07.06"]
[SourceVersion "1"]
[SourceVersionDate "2018.07.06"]
[SourceQuality "1"]
[WhiteTeam "SC Kreuzberg"]
[BlackTeam "TuS Makkabi Berlin"]
[WhiteTeamCountry "GER"]
[BlackTeamCountry "GER"]

1. d4 Nf6 2. c4 g6 3. g3 Bg7 4. Bg2 O-O 5. e4 d6 6. Ne2 c5 7. O-O Nc6 8. d5 Na5
9. Nd2 a6 10. Rb1 Nd7 11. b3 b5 12. Bb2 Bxb2 13. Rxb2 Rb8 14. Qc2 bxc4 15. bxc4
Rxb2 16. Qxb2 Nb6 17. Qc3 Na4 18. Qc2 Bd7 19. Nf4 Qc7 20. Nd3 Nb6 21. f4 f6 22.
f5 g5 23. h4 h6 24. Qc3 Na4 25. Qc2 Kg7 26. Bf3 Be8 27. Kf2 Nb7 28. Rh1 Qa5 29.
Nb1 Rh8 30. Ke3 Nb6 31. Nd2 Qa4 32. Qxa4 Nxa4 33. Rb1 Na5 34. Nf2 Bd7 35. Kd3
Rc8 36. Bd1 Rc7 37. Bxa4 Bxa4 38. Rb6 Ra7 39. Kc3 Nb7 40. Nb3 Be8 41. Nd2 Ba4
42. Nb3 1/2-1/2

[Event "Werner-Ott-Open Kreuzberger Sommer 2018"]
[Site "Berlin"]
[Date "2018.07.06"]
[Round "7.8"]
[White "Jaeger, Andre"]
[Black "Kauschmann, Herbert"]
[Result "1/2-1/2"]
[WhiteElo "1922"]
[BlackElo "2162"]
[PlyCount "47"]
[EventDate "2018.06.30"]
[EventType "swiss"]
[EventRounds "9"]
[EventCountry "GER"]
[SourceTitle "WOOKS_2018_R7"]
[Source "Andreas Lange"]
[SourceDate "2018.07.06"]
[SourceVersion "1"]
[SourceVersionDate "2018.07.06"]
[SourceQuality "1"]
[WhiteTeam "SC Rochade"]
[BlackTeam "BSC Rehberge 1945"]
[WhiteTeamCountry "GER"]
[BlackTeamCountry "GER"]

1. d4 g6 2. c4 Bg7 3. Nf3 c5 4. d5 e5 5. e4 d6 6. Nc3 h6 7. Bd2 Ne7 8. g3 Bd7
9. Qb3 b6 10. Nb5 O-O 11. Bg2 Bc8 12. O-O f5 13. exf5 gxf5 14. Nh4 a6 15. Nc3
Nd7 16. Qc2 Nf6 17. Bh3 Nh7 18. Rae1 Qe8 19. Qd1 Qf7 20. Kh1 Kh8 21. f4 Ng6 22.
Nxg6+ Qxg6 23. fxe5 dxe5 24. Bg2 1/2-1/2

[Event "Werner-Ott-Open Kreuzberger Sommer 2018"]
[Site "Berlin"]
[Date "2018.07.06"]
[Round "7.9"]
[White "Sommaro, Katja"]
[Black "Silz, Elisa"]
[Result "1/2-1/2"]
[WhiteElo "2087"]
[BlackElo "1988"]
[PlyCount "103"]
[EventDate "2018.06.30"]
[EventType "swiss"]
[EventRounds "9"]
[EventCountry "GER"]
[SourceTitle "WOOKS_2018_R7"]
[Source "Andreas Lange"]
[SourceDate "2018.07.06"]
[SourceVersion "1"]
[SourceVersionDate "2018.07.06"]
[SourceQuality "1"]
[WhiteTeam "SV Berolina Mitte"]
[BlackTeam "SV Empor Berlin"]
[WhiteTeamCountry "GER"]
[BlackTeamCountry "GER"]

1. c4 g6 2. Nc3 Bg7 3. g3 Nf6 4. Bg2 O-O 5. Nf3 d6 6. O-O e5 7. d3 Re8 8. Qc2
c6 9. Re1 d5 10. cxd5 cxd5 11. Bg5 h6 12. Bxf6 Bxf6 13. e4 d4 14. Nd5 Nc6 15.
b4 Be6 16. Nxf6+ Qxf6 17. b5 Nd8 18. h3 Bxh3 19. Bxh3 Qxf3 20. b6 axb6 21. Reb1
Ra3 22. Bd7 Rf8 23. Rb3 Rxb3 24. Qxb3 Qf6 25. Rb1 Qd6 26. Qd5 Qxd5 27. exd5 Kg7
28. Rxb6 f5 29. Bb5 Rf6 30. d6 e4 31. Bc4 e3 32. fxe3 dxe3 33. Rb5 Rxd6 34. Re5
Nc6 35. Rxe3 Kf6 36. Kg2 Nd4 37. a4 Rb6 38. Re8 Rb2+ 39. Kf1 Kg5 40. Rg8 Nf3
41. Bd5 Ne5 42. Rb8 Nxd3 43. Rxb7 Rxb7 44. Bxb7 f4 45. gxf4+ Kxf4 46. a5 Nc5
47. a6 Nxa6 48. Bxa6 h5 49. Kg2 g5 50. Kh3 Kf3 51. Bb7+ Kf2 52. Bc8 1/2-1/2

[Event "Werner-Ott-Open Kreuzberger Sommer 2018"]
[Site "Berlin"]
[Date "2018.07.06"]
[Round "7.10"]
[White "Gebigke, Martin"]
[Black "Krueger, Robin-Kevin"]
[Result "1/2-1/2"]
[WhiteElo "2050"]
[BlackElo "1942"]
[PlyCount "70"]
[EventDate "2018.06.30"]
[EventType "swiss"]
[EventRounds "9"]
[EventCountry "GER"]
[SourceTitle "WOOKS_2018_R7"]
[Source "Andreas Lange"]
[SourceDate "2018.07.06"]
[SourceVersion "1"]
[SourceVersionDate "2018.07.06"]
[SourceQuality "1"]
[WhiteTeam "SC Kreuzberg"]
[BlackTeam "MTV Tostedt"]
[WhiteTeamCountry "GER"]
[BlackTeamCountry "GER"]

1. d4 d5 2. c4 e6 3. Nf3 c5 4. g3 Nc6 5. Bg2 Nf6 6. O-O Be7 7. cxd5 exd5 8. Nc3
O-O 9. b3 Re8 10. Bb2 Bg4 11. dxc5 Bxc5 12. Na4 Be7 13. Rc1 Rc8 14. h3 Bf5 15.
Nd4 Bg6 16. e3 Nb4 17. Rxc8 Qxc8 18. Nc3 Ne4 19. Nce2 Nxa2 20. Qa1 Nb4 21. Qxa7
Nd3 22. Ba1 Qa8 23. Qxa8 Rxa8 24. f4 f6 25. f5 Bf7 26. Bxe4 dxe4 27. Nc3 Bb4
28. Nxe4 Bd5 29. Nc3 Bxc3 30. Bxc3 Ra2 31. Nf3 Bxb3 32. e4 Ba4 33. Ra1 Rxa1+
34. Bxa1 Bc6 35. Nd2 Nc5 1/2-1/2

[Event "Werner-Ott-Open Kreuzberger Sommer 2018"]
[Site "Berlin"]
[Date "2018.07.06"]
[Round "7.11"]
[White "Schulz, Olaf"]
[Black "Dathe, Frederick"]
[Result "0-1"]
[WhiteElo "2019"]
[BlackElo "1895"]
[PlyCount "182"]
[EventDate "2018.06.30"]
[EventType "swiss"]
[EventRounds "9"]
[EventCountry "GER"]
[SourceTitle "WOOKS_2018_R7"]
[Source "Andreas Lange"]
[SourceDate "2018.07.06"]
[SourceVersion "1"]
[SourceVersionDate "2018.07.06"]
[SourceQuality "1"]
[BlackTeam "SC Kreuzberg"]
[BlackTeamCountry "GER"]

1. d4 Nf6 2. Nf3 g6 3. c4 Bg7 4. Nc3 c5 5. e4 O-O 6. Be2 d6 7. O-O cxd4 8. Nxd4
Nc6 9. Be3 Bd7 10. a3 a5 11. f3 Nxd4 12. Bxd4 a4 13. Qd2 Qa5 14. Rfd1 Rfc8 15.
Rac1 Be6 16. Nb1 Qxd2 17. Nxd2 Nd7 18. Bxg7 Kxg7 19. Rc3 Rc6 {(=)} 20. f4 Nc5
21. Rdc1 Rac8 22. g4 Rb6 23. R1c2 f6 24. Kf2 Bf7 25. Ke3 e5 26. f5 g5 27. Kf2
h6 {(=)} 28. Re3 Be8 29. Ke1 Kf8 30. Kd1 Ra8 31. Kc1 Bc6 32. Rcc3 Kf7 33. Bd1
Ke7 34. Bc2 Kf7 35. Kb1 Rba6 36. Ka2 Ke7 37. h4 Kf7 38. hxg5 hxg5 39. Rh3 Kg7
40. Rce3 R6a7 41. Nb1 Ra6 42. Nc3 Rd8 43. Re1 Raa8 44. Rd1 b6 45. Kb1 Rab8 46.
Kc1 Ra8 47. Kd2 Rh8 48. Rdh1 Rxh3 49. Rxh3 Rh8 50. Rxh8 Kxh8 51. Nd5 Kg7 52.
Nxb6 Nxe4+ 53. Bxe4 Bxe4 54. Ke3 Bc6 55. Nd5 Bxd5 56. cxd5 Kf7 57. Kd3 Ke7 58.
Kc4 Kd7 59. Kb5 e4 60. Kc4 Kc7 61. Kd4 Kb6 62. Kxe4 Kc5 63. Kd3 Kxd5 64. b3
axb3 65. Kc3 Ke4 66. Kxb3 Ke3 67. Kc4 Ke4 68. Kc3 Ke3 69. Kc4 Ke4 {(=)} 70. a4
d5+ 71. Kc5 d4 72. a5 d3 73. a6 d2 74. a7 d1=Q 75. a8=Q+ Kf4 76. Qe8 Qc2+ 77.
Kd4 Kxg4 78. Qe6 Qxf5 79. Qe2+ Qf3 80. Qe1 Kh3 81. Qe7 g4 82. Qh7+ Kg2 83. Qh6
f5 84. Ke5 f4 85. Kf5 g3 86. Qd6 Qe3 87. Qd5+ f3 88. Kg4 Kh2 89. Qh5+ Kg1 90.
Kh3 f2 91. Qg5 f1=Q+ 0-1

[Event "Werner-Ott-Open Kreuzberger Sommer 2018"]
[Site "Berlin"]
[Date "2018.07.06"]
[Round "7.12"]
[White "Grassi, Fabrizio"]
[Black "Woerz, Markus"]
[Result "0-1"]
[WhiteElo "1872"]
[BlackElo "2007"]
[PlyCount "90"]
[EventDate "2018.06.30"]
[EventType "swiss"]
[EventRounds "9"]
[EventCountry "GER"]
[SourceTitle "WOOKS_2018_R7"]
[Source "Andreas Lange"]
[SourceDate "2018.07.06"]
[SourceVersion "1"]
[SourceVersionDate "2018.07.06"]
[SourceQuality "1"]
[WhiteTeam "SV Berlin-Friedrichstadt"]
[BlackTeam "SC Kreuzberg"]
[WhiteTeamCountry "GER"]
[BlackTeamCountry "GER"]

1. d4 Nf6 2. Bf4 d5 3. e3 c5 4. c3 e6 5. Nd2 Nc6 6. Bd3 Bd6 7. Bxd6 Qxd6 8. f4
cxd4 9. cxd4 Bd7 10. a3 Ne7 11. Qe2 O-O 12. Ngf3 Qb6 13. Rb1 Nf5 14. Ne5 Nd6
15. Nxd7 Nxd7 16. O-O g6 17. Rf3 f6 18. Rh3 Rf7 19. Qg4 Nf5 20. Qf3 Qc6 21. g4
Nd6 22. e4 dxe4 23. Nxe4 Nb6 24. Nc5 Qxf3 25. Rxf3 Re7 26. b3 Nd5 27. Re1 Rae8
28. Ne4 Rd8 29. Bc4 Kf7 30. Bxd5 exd5 31. Nxd6+ Rxd6 32. Rxe7+ Kxe7 33. Rh3 Re6
34. Rxh7+ Kd6 35. Rxb7 Re4 36. Rxa7 Rxd4 37. Rb7 Rxf4 38. h3 d4 39. Rb8 Ke5 40.
Kg2 d3 41. Re8+ Kd4 42. Kg3 g5 43. a4 Kc3 44. Rc8+ Kxb3 45. a5 d2 0-1

[Event "Werner-Ott-Open Kreuzberger Sommer 2018"]
[Site "Berlin"]
[Date "2018.07.06"]
[Round "7.13"]
[White "Buttkus, Andre"]
[Black "Bui, Bao Anh Le"]
[Result "0-1"]
[WhiteElo "2004"]
[BlackElo "1883"]
[PlyCount "60"]
[EventDate "2018.06.30"]
[EventType "swiss"]
[EventRounds "9"]
[EventCountry "GER"]
[SourceTitle "WOOKS_2018_R7"]
[Source "Andreas Lange"]
[SourceDate "2018.07.06"]
[SourceVersion "1"]
[SourceVersionDate "2018.07.06"]
[SourceQuality "1"]
[WhiteTeam "SK Tempelhof 1931"]
[BlackTeam "SV Mattnetz Berlin"]
[WhiteTeamCountry "GER"]
[BlackTeamCountry "GER"]

1. d4 d5 2. c4 e6 3. Nc3 c6 4. e4 dxe4 5. Nxe4 Bb4+ 6. Bd2 Qxd4 7. Bxb4 Qxe4+
8. Be2 Na6 9. Ba5 f6 10. Qd8+ Kf7 11. O-O-O e5 12. Bd3 Qf4+ 13. Kb1 Qd4 14.
Bg6+ hxg6 15. Rxd4 Ne7 16. Qd6 Nf5 17. Qa3 Nxd4 18. Qe3 Bf5+ 19. Kc1 Nc5 20.
Nf3 Nd3+ 21. Kd2 b6 22. Bc3 Nxf3+ 23. Qxf3 Rad8 24. Ke3 Nf4 25. Rd1 Rxd1 26.
Qxd1 Nxg2+ 27. Kf3 Nf4 28. Ke3 Rh3+ 29. f3 Rxh2 30. a3 Bd3 0-1

[Event "Werner-Ott-Open Kreuzberger Sommer 2018"]
[Site "Berlin"]
[Date "2018.07.06"]
[Round "7.14"]
[White "Rehberg, Raphael"]
[Black "Bruening, Wolfgang"]
[Result "1-0"]
[WhiteElo "2279"]
[BlackElo "1850"]
[PlyCount "93"]
[EventDate "2018.06.30"]
[EventType "swiss"]
[EventRounds "9"]
[EventCountry "GER"]
[SourceTitle "WOOKS_2018_R7"]
[Source "Andreas Lange"]
[SourceDate "2018.07.06"]
[SourceVersion "1"]
[SourceVersionDate "2018.07.06"]
[SourceQuality "1"]
[WhiteTeam "SG Lok Brandenburg"]
[BlackTeam "ohne Verein"]
[WhiteTeamCountry "GER"]

1. e4 e6 2. d4 d5 3. Nc3 dxe4 4. Nxe4 Nd7 5. Nf3 Ngf6 6. Bg5 Be7 7. Bd3 O-O 8.
Qe2 c5 9. dxc5 Nxc5 10. Nxc5 Qa5+ 11. c3 Qxc5 12. O-O h6 13. Be3 Qh5 14. Bd4
Rd8 15. Ne5 Qxe2 16. Bxe2 Nd5 17. f4 f6 18. Nd3 Bd7 19. Rad1 b6 20. Rfe1 Rac8
21. Bf3 Kf7 22. f5 Nc7 23. fxe6+ Bxe6 24. Nf4 Bf5 25. Bh5+ Kf8 26. Ng6+ Bxg6
27. Bxg6 Rd6 28. Bf2 Rcd8 29. Bh5 Rd5 30. Bf3 Rd2 31. Bg3 Bc5+ 32. Kf1 Rxd1 33.
Rxd1 Rxd1+ 34. Bxd1 Nd5 35. Bf3 Ne3+ 36. Ke2 Nf5 37. Bb8 a5 38. Kd3 Ke7 39. Kc4
Ne3+ 40. Kb5 Kd8 41. b4 axb4 42. cxb4 Bd4 43. a4 f5 44. Ba7 Nc2 45. Bxb6+ Bxb6
46. Kxb6 Nxb4 47. a5 1-0

[Event "Werner-Ott-Open Kreuzberger Sommer 2018"]
[Site "Berlin"]
[Date "2018.07.06"]
[Round "7.15"]
[White "Bergmann, Jens"]
[Black "Zschaebitz, Klaus"]
[Result "0-1"]
[WhiteElo "1846"]
[BlackElo "2082"]
[PlyCount "110"]
[EventDate "2018.06.30"]
[EventType "swiss"]
[EventRounds "9"]
[EventCountry "GER"]
[SourceTitle "WOOKS_2018_R7"]
[Source "Andreas Lange"]
[SourceDate "2018.07.06"]
[SourceVersion "1"]
[SourceVersionDate "2018.07.06"]
[SourceQuality "1"]
[WhiteTeam "SK Tempelhof 1931"]
[BlackTeam "BSG 1827 Eckbauer"]
[WhiteTeamCountry "GER"]
[BlackTeamCountry "GER"]

1. e4 e6 2. d4 d5 3. e5 c5 4. c3 Qb6 5. g3 Nc6 6. Nf3 Nh6 7. Bh3 Nf5 8. Bxf5
exf5 9. O-O cxd4 10. cxd4 Be7 11. Nc3 Be6 12. a4 h6 13. Nb5 O-O 14. b3 Nb4 15.
Nd6 a5 16. Nh4 Bxd6 17. exd6 Qxd6 18. Qh5 Bd7 19. Nxf5 Qf6 20. g4 Bxf5 21. gxf5
Nc2 22. Rb1 Nxd4 23. Bb2 Qxf5 24. Qxf5 Nxf5 25. Rfd1 Rfd8 26. Rbc1 Rd7 27. Rc5
Ne7 28. Be5 Ra6 29. Kf1 f6 30. Bb2 Kf7 31. Ke2 Re6+ 32. Kf3 b6 33. Rb5 Rc6 34.
Bd4 Rdd6 35. Bb2 Rc5 36. Ba3 Rxb5 37. axb5 Rd7 38. Rc1 Ng6 39. Rc8 Ne5+ 40. Ke2
Rb7 41. f4 Nd7 42. f5 g6 43. Ke3 gxf5 44. Kd4 f4 45. Kxd5 f3 46. Rc2 Ne5 47.
Ke4 Rd7 48. Bb2 Nd3 49. Bd4 Rxd4+ 50. Kxd4 f2 51. Rxf2 Nxf2 52. Kd5 f5 53. Kc6
f4 54. Kxb6 Ne4 55. Kc6 Ke6 0-1

[Event "Werner-Ott-Open Kreuzberger Sommer 2018"]
[Site "Berlin"]
[Date "2018.07.06"]
[Round "7.18"]
[White "Werner, Dimo"]
[Black "Guder, Sibylle"]
[Result "1/2-1/2"]
[WhiteElo "2012"]
[BlackElo "1750"]
[PlyCount "65"]
[EventDate "2018.06.30"]
[EventType "swiss"]
[EventRounds "9"]
[EventCountry "GER"]
[SourceTitle "WOOKS_2018_R7"]
[Source "Andreas Lange"]
[SourceDate "2018.07.06"]
[SourceVersion "1"]
[SourceVersionDate "2018.07.06"]
[SourceQuality "1"]
[WhiteTeam "TSV Schott Mainz"]
[BlackTeam "SF Berlin 1903"]
[WhiteTeamCountry "GER"]
[BlackTeamCountry "GER"]

1. d4 d5 2. c4 e6 3. Nf3 Nf6 4. Nc3 Be7 5. Bg5 h6 6. Bh4 O-O 7. e3 b6 8. Rc1
Bb7 9. Bxf6 Bxf6 10. cxd5 exd5 11. Qb3 c6 12. Be2 Nd7 13. O-O Be7 14. Rfd1 Nf6
15. Bf1 Bd6 16. g3 Qe7 17. Bg2 Rac8 18. Nd2 Bb8 19. Nf3 Rfe8 20. a3 Bd6 21. Nh4
Qd7 22. Qc2 g6 23. Qd3 Rcd8 24. Qf1 Bc8 25. Re1 Ne4 26. Nf3 Nxc3 27. Rxc3 c5
28. dxc5 bxc5 29. Rd1 Bf8 30. Rc2 Qe7 31. Rcd2 Bb7 32. Ne1 Bg7 33. Bxd5 1/2-1/2

[Event "Werner-Ott-Open Kreuzberger Sommer 2018"]
[Site "Berlin"]
[Date "2018.07.06"]
[Round "7.19"]
[White "Kebbedies, Frank"]
[Black "Thaer, Abdulkadhim Ismaeel"]
[Result "0-1"]
[WhiteElo "1750"]
[BlackElo "1952"]
[PlyCount "120"]
[EventDate "2018.06.30"]
[EventType "swiss"]
[EventRounds "9"]
[EventCountry "GER"]
[SourceTitle "WOOKS_2018_R7"]
[Source "Andreas Lange"]
[SourceDate "2018.07.06"]
[SourceVersion "1"]
[SourceVersionDate "2018.07.06"]
[SourceQuality "1"]
[BlackTeam "SC Zugzwang 95"]
[BlackTeamCountry "GER"]

1. d4 Nf6 2. c4 g6 3. Nf3 Bg7 4. g3 O-O 5. Bg2 d6 6. Nc3 Nbd7 7. O-O c6 8. e4
e5 9. h3 Re8 10. Re1 a6 11. Qc2 Qc7 12. Be3 Nf8 13. Rad1 Be6 14. b3 Nh5 15. d5
cxd5 16. Nxd5 Bxd5 17. Rxd5 Ne6 18. Rc1 Rec8 19. Rd2 h6 20. Qd1 Bf8 21. Ne1 Nf6
22. Nd3 a5 23. Nb2 Ra6 24. Rdc2 Rc6 25. Na4 Ng5 26. Nc3 Qd7 27. Kh2 a4 28. f3
axb3 29. axb3 Ra6 30. Nb5 Rca8 31. Qd2 Ne6 32. b4 h5 33. h4 Ra4 34. Rb1 Qc6 35.
Bf1 Kh7 36. Nc3 Ra1 37. Rcc1 Rxb1 38. Rxb1 Nc7 39. b5 Qe8 40. Nd5 Ncxd5 41.
cxd5 Nd7 42. b6 Nc5 43. Bb5 Qc8 44. Rb2 Ra3 45. Ra2 Nb3 46. Qb2 Rxa2 47. Qxa2
Qc3 48. Qf2 Bh6 49. Bxh6 Kxh6 50. Bd7 Nd4 51. f4 Qb3 52. f5 f6 53. fxg6 Kg7 54.
g4 hxg4 55. Bxg4 Qxb6 56. Qd2 Qc7 57. h5 Qc2 58. h6+ Kxg6 59. Bf5+ Kf7 60. Qxc2
Nxc2 {(unvollständig)} 0-1

[Event "Werner-Ott-Open Kreuzberger Sommer 2018"]
[Site "Berlin"]
[Date "2018.07.06"]
[Round "7.20"]
[White "Rollwitz, Juergen"]
[Black "Jansen, Robert"]
[Result "1-0"]
[WhiteElo "1949"]
[BlackElo "1748"]
[PlyCount "97"]
[EventDate "2018.06.30"]
[EventType "swiss"]
[EventRounds "9"]
[EventCountry "GER"]
[SourceTitle "WOOKS_2018_R7"]
[Source "Andreas Lange"]
[SourceDate "2018.07.06"]
[SourceVersion "1"]
[SourceVersionDate "2018.07.06"]
[SourceQuality "1"]
[WhiteTeam "SC Rochade"]
[BlackTeam "SC Kreuzberg"]
[WhiteTeamCountry "GER"]
[BlackTeamCountry "GER"]

1. d4 d5 2. Nf3 Nf6 3. e3 e6 4. Bd3 c5 5. b3 Nc6 6. Ne5 cxd4 7. exd4 Bd6 8. Bb2
Qc7 9. f4 O-O 10. O-O Nb4 11. Nd2 Nxd3 12. cxd3 Ne8 13. g3 f6 14. Ng4 {(=)} Qf7
15. Nf2 f5 16. Nf3 Bd7 17. Ne5 Qe7 18. Nh3 Nf6 19. Ng5 Bxe5 20. dxe5 Ng4 21.
Qd2 Rfc8 22. d4 b5 23. h3 Nh6 24. Rac1 b4 25. Rxc8+ Rxc8 26. Rc1 a5 27. Rxc8+
Bxc8 28. Qc1 Bb7 29. Qc5 Qxc5 30. dxc5 Bc8 31. Nf3 Nf7 32. Nd4 Nd8 33. c6 Kf8
34. Kf2 Ke8 35. Ke3 h6 36. h4 Nf7 37. Nb5 Ke7 38. Kd4 Nd8 39. Kc5 Nf7 40. Kb6
Kd8 41. Kxa5 g5 42. Kxb4 gxf4 43. gxf4 h5 44. Bd4 Nh6 45. Kc5 Ng4 46. Bg1 Nh6
47. Kd6 Nf7+ 48. Kc5 Ke7 49. Nd6 1-0

[Event "Werner-Ott-Open Kreuzberger Sommer 2018"]
[Site "Berlin"]
[Date "2018.07.06"]
[Round "7.25"]
[White "Rausch, Erik"]
[Black "Plaza Reino, Agustin"]
[Result "0-1"]
[WhiteElo "1711"]
[BlackElo "1923"]
[PlyCount "52"]
[EventDate "2018.06.30"]
[EventType "swiss"]
[EventRounds "9"]
[EventCountry "GER"]
[SourceTitle "WOOKS_2018_R7"]
[Source "Andreas Lange"]
[SourceDate "2018.07.06"]
[SourceVersion "1"]
[SourceVersionDate "2018.07.06"]
[SourceQuality "1"]
[WhiteTeam "SC Kreuzberg"]
[BlackTeam "Enniscorthy Chess Club"]
[WhiteTeamCountry "GER"]
[BlackTeamCountry "IRL"]

1. Nf3 d5 2. c4 e6 3. g3 Nf6 4. Bg2 c6 5. b3 Nbd7 6. Bb2 Bd6 7. O-O O-O 8. cxd5
exd5 9. d3 Re8 10. Nbd2 Ne5 11. Re1 Bg4 12. h3 Bh5 13. Qc2 Qb6 14. Rac1 Nxf3+
15. Nxf3 Bxf3 16. Bxf6 Bxg2 17. Kxg2 gxf6 18. e3 Re5 19. d4 Rg5 20. h4 Rg6 21.
Qf5 Qc7 22. f4 Qc8 23. Qxc8+ Rxc8 24. Kf3 f5 25. Rg1 Re8 26. Rce1 h5 0-1